000
00277nam a2200121Ia 4500
008
240624s9999 xx 000 0 und d
041
_a
eng
082
_a
363.72 DOR
100
_a
DORON ASSA
245
_a
WASTE OF A NATION
260
_c
2018
_a
Cambridge
_b
HARVARD
365
_c
RS
999
_c
32505
_d
32505